Loading...
| Fine Arts - Auditory Fine Arts | 0 | 7 | 1 | 0 | 65 | 106 | 131.29 | 3 | 7 |
| Fine Arts - Visual Fine Arts | 1 | 3 | 1 | 3 | 40 | 81 | 126.75 | 1 | 4 |
| Literature - European Literature | 0 | 2 | 0 | 1 | 20 | 146 | 147.00 | 0 | 2 |
| Literature - World Literature | 0 | 2 | 0 | 0 | 20 | 118 | 122.50 | 0 | 2 |
| Philosophy | 0 | 1 | 0 | 0 | 10 | 114 | 114.00 | 0 | 1 |
| Science - Biology | 0 | 1 | 0 | 0 | 10 | 79 | 79.00 | 0 | 1 |
| History - American History | 0 | 1 | 0 | 1 | 10 | 125 | 125.00 | 0 | 1 |
| History - Ancient History | 0 | 1 | 0 | 0 | 10 | 145 | 145.00 | 0 | 1 |
| Other Academic | 0 | 1 | 0 | 0 | 10 | 105 | 105.00 | 1 | 1 |
| Current Events | 0 | 1 | 0 | 0 | 10 | 99 | 99.00 | 0 | 1 |
| Religion | 0 | 0 | 1 | 0 | -5 | 0.00 | 0 | 0 |